All 10k+ Cities in Hispaniola - Statistics

General Stats
  • This quiz has been taken 13 times
  • The average score is 30 of 118
Answers on the Map
Answers color-coded by a green-red scale on the quiz's map according to % correct below.
 
Answer Stats
Country Population Answer % Correct
Haiti 875,978 Port-au-Prince
100%
Dominican Republic 2,752,784 Santo Domingo
89%
Haiti 155,505 Cap-Haïtien
44%
Dominican Republic 90,537 Punta Cana
44%
Dominican Republic 77,316 Baní
33%
Haiti 430,250 Carrefour
33%
Haiti 241,055 Cité Soleil
33%
Haiti 228,725 Gonaïves
33%
Dominican Republic 210,278 Higüey
33%
Haiti 30,595 Hinche
33%
Haiti 39,643 Jacmel
33%
Haiti 34,788 Jérémie
33%
Dominican Republic 265,313 La Romana
33%
Dominican Republic 123,677 La Vega
33%
Haiti 78,477 Léogâne
33%
Haiti 271,175 Pétionville
33%
Haiti 30,037 Saint-Louis-du-Nord
33%
Haiti 122,747 Saint-Marc
33%
Haiti 39,783 Anse-à-Galets
22%
Haiti 14,702 Arcahaie
22%
Dominican Republic 70,282 Azua de Compostela
22%
Dominican Republic 75,760 Bajos de Haina
22%
Dominican Republic 84,940 Barahona
22%
Dominican Republic 24,878 Bayaguana
22%
Dominican Republic 76,007 Boca Chica
22%
Dominican Republic 71,767 Bonao
22%
Haiti 36,120 Cabaret
22%
Dominican Republic 13,302 Cabral
22%
Dominican Republic 16,818 Cambita Garabitos
22%
Dominican Republic 15,083 Comendador
22%
Dominican Republic 30,388 Constanza
22%
Dominican Republic 30,737 Consuelo
22%
Dominican Republic 52,535 Cotuí
22%
Haiti 84,812 Croix-des-Bouquets
22%
Haiti 19,466 Croix-des-Missions
22%
Dominican Republic 24,495 Dajabón
22%
Haiti 359,451 Delmas
22%
Haiti 27,293 Desdunes
22%
Haiti 26,219 Dessalines
22%
Dominican Republic 28,976 El Seibo
22%
Dominican Republic 42,469 Esperanza
22%
Dominican Republic 10,274 Fantino
22%
Haiti 20,463 Fort-Liberté
22%
Haiti 19,874 Grand-Goâve
22%
Haiti 30,511 Gros-Morne
22%
Dominican Republic 26,450 Hato del Yaque
22%
Dominican Republic 45,039 Hato Mayor del Rey
22%
Dominican Republic 30,953 Jarabacoa
22%
Dominican Republic 11,346 Jimaní
22%
Dominican Republic 28,944 La Caleta
22%
Dominican Republic 36,318 La Guáyiga
22%
Dominican Republic 20,232 La Otra Banda
22%
Dominican Republic 10,521 Las Guáranas
22%
Dominican Republic 26,961 Las Matas de Farfán
22%
Dominican Republic 14,316 Las Palomas
22%
Dominican Republic 12,818 Las Terrenas
22%
Dominican Republic 26,459 La Victoria
22%
Haiti 71,236 Les Cayes
22%
Haiti 18,770 L'Estère
22%
Haiti 15,211 Liancourt
22%
Haiti 39,756 Limbé
22%
Haiti 14,886 Limonade
22%
Dominican Republic 282,799 Los Alcarrizos
22%
Dominican Republic 19,386 Maimón
22%
Dominican Republic 59,717 Mao
22%
Dominican Republic 11,309 Miches
22%
Haiti 10,947 Miragoâne
22%
Haiti 15,562 Mirebalais
22%
Dominican Republic 63,158 Moca
22%
Dominican Republic 18,773 Monte Cristi
22%
Dominican Republic 15,468 Monte Plata
22%
Dominican Republic 40,933 Nagua
22%
Dominican Republic 24,928 Neiba
22%
Haiti 58,250 Ouanaminthe
22%
Dominican Republic 20,595 Pedernales
22%
Dominican Republic 34,541 Pedro Brand
22%
Haiti 89,155 Petite-Anse
22%
Haiti 35,007 Petite Rivière de l'Artibonite
22%
Haiti 76,243 Petit-Goâve
22%
Dominican Republic 10,296 Piedra Blanca
22%
Dominican Republic 10,325 Pimentel
22%
Haiti 14,677 Plaisance
22%
Haiti 99,580 Port-de-Paix
22%
Dominican Republic 132,878 Puerto Plata
22%
Dominican Republic 20,034 Quisqueya
22%
Dominican Republic 11,157 Río San Juan
22%
Dominican Republic 15,797 Sabana de la Mar
22%
Dominican Republic 20,929 Sabana Grande de Boyá
22%
Dominican Republic 10,674 Sabana Yegua
22%
Dominican Republic 19,116 Sabaneta
22%
Haiti 32,906 Saintard
22%
Haiti 30,412 Saint-Michel-de-l'Attalaye
22%
Dominican Republic 13,897 Salcedo
22%
Dominican Republic 15,747 Samaná
22%
Dominican Republic 15,986 San Antonio de Guerra
22%
Dominican Republic 11,241 Sánchez
22%
Dominican Republic 167,466 San Cristóbal
22%
Dominican Republic 143,726 San Francisco de Macorís
22%
Dominican Republic 17,519 San Gregorio de Nigua
22%
Dominican Republic 26,487 San José de Ocoa
22%
Dominican Republic 78,716 San Juan de la Maguana
22%
Dominican Republic 29,057 San Luis
22%
Dominican Republic 207,378 San Pedro de Macorís
22%
Dominican Republic 612,595 Santiago de los Caballeros
22%
Haiti 99,011 Tabarre
22%
Dominican Republic 24,820 Tamboril
22%
Haiti 17,195 Thomassin
22%
Haiti 21,805 Trou-du-Nord
22%
Haiti 14,015 Verrettes
22%
Haiti 15,554 Vialet
22%
Dominican Republic 13,302 Vicente Noble
22%
Dominican Republic 42,624 Villa Altagracia
22%
Dominican Republic 37,463 Villa Bisonó
22%
Dominican Republic 11,758 Villa González
22%
Dominican Republic 11,329 Villa Jaragua
22%
Dominican Republic 11,588 Villa Montellano
22%
Dominican Republic 12,302 Villa Vásquez
22%
Dominican Republic 15,064 Yamasá
22%
No matching quizzes found
Score Distribution
Percent of People with Each Score
Percentile by Number Answered
Your Score History
You have not taken this quiz